Tanzania in Figures 2010 (Record no. 6956)

000 -LEADER
fixed length control field 00347nam a22001097a 4500
008 - FIXED-LENGTH DATA ELEMENTS--GENERAL INFORMATION
fixed length control field 200408b ||||| |||| 00| 0 eng d
245 ## - TITLE STATEMENT
Title Tanzania in Figures 2010
Statement of responsibility, etc. Ministry of Finance.-
Medium English.
260 ## - PUBLICATION, DISTRIBUTION, ETC. (IMPRINT)
Place of publication, distribution, etc. Dar Es Salaam:
Name of publisher, distributor, etc. National Bureau of Statistics,
Date of publication, distribution, etc. 2011.
300 ## - PHYSICAL DESCRIPTION
Extent vii, 75p;
Other physical details Tables,
Dimensions 15cm.-
650 ## - SUBJECT ADDED ENTRY--TOPICAL TERM
Source of heading or term STATISTICS
942 ## - ADDED ENTRY ELEMENTS (KOHA)
Source of classification or shelving scheme
Koha item type BOOKS
Holdings
Withdrawn status Lost status Source of classification or shelving scheme Damaged status Not for loan Home library Current library Date acquired Total Checkouts Barcode Date last seen Price effective from Koha item type
          Mwanza Mwanza 08/04/2020   10000002667 08/04/2020 08/04/2020 BOOKS
          Mwanza Mwanza 08/04/2020   10000002668 08/04/2020 08/04/2020 BOOKS

IRDP © 2019 :: Managed by IRDP ICT Unit